000 00533nam a2200217Ia 4500
003 OSt
005 20220924133825.0
006 a|||||r|||| 00| 0
007 ta
008 220923b |||||||| |||| 00| 0 snd d
024 _a269242
037 _cTextual
040 _aARTS
_cARTS
_bsnd
041 _2snd
_asnd
082 _aQ, 1593M0
100 _aSharma Fatehchad
_9207480
245 0 _aRahayun raahat bharyun
260 _c1980
942 _hQ, 1593M0
_cTEXL
_2CC
999 _c435428
_d435428